|
|
|
|
| LEADER |
00000nam0a2200000 4500 |
| 001 |
126059 |
| 005 |
20231031131717.0 |
| 020 |
|
|
|a RU
|b 88-960
|
| 035 |
|
|
|a (RuTPU)RU\TPU\book\136382
|
| 090 |
|
|
|a 126059
|
| 100 |
|
|
|a 20071123d1987 km y0rusy5003 ca
|
| 101 |
0 |
|
|a rus
|
| 102 |
|
|
|a RU
|
| 105 |
|
|
|a a z 001zy
|
| 200 |
1 |
|
|a Экономика обновления парка оборудования в машиностроении
|f Р. З. Акбердин
|
| 210 |
|
|
|a Москва
|c Машиностроение
|d 1987
|
| 215 |
|
|
|a 183,[2] с.
|c ил.
|
| 320 |
|
|
|a Библиогр.: с. 183-184 (32 назв.)
|
| 610 |
1 |
|
|a машиностроительные заводы
|
| 610 |
1 |
|
|a оборудование
|
| 610 |
1 |
|
|a модернизация
|
| 610 |
1 |
|
|a экономика
|
| 610 |
1 |
|
|a обновление
|
| 610 |
1 |
|
|a парк оборудования
|
| 675 |
|
|
|a 621.002:658.589
|z rus
|
| 700 |
|
1 |
|a Акбердин
|b Р. З.
|g Риф Зияевич
|4 070
|
| 801 |
|
0 |
|a RU
|b RuMRKP
|c 19950417
|g psbo
|
| 801 |
|
1 |
|a RU
|b 63413507
|c 20071123
|g PSBO
|
| 801 |
|
2 |
|a RU
|b 63413507
|c 20080929
|g PSBO
|
| 942 |
|
|
|c BK
|